BHARAT KE MAHAPURUSH (Record no. 8849)

MARC details
000 -LEADER
fixed length control field 00369nam a22001457a 4500
005 - DATE AND TIME OF LATEST TRANSACTION
control field 20251007123208.0
008 - FIXED-LENGTH DATA ELEMENTS--GENERAL INFORMATION
fixed length control field 250929b |||||||| |||| 00| 0 eng d
020 ## - INTERNATIONAL STANDARD BOOK NUMBER
ISBN 978-93-48189-85-1
041 ## - LANGUAGE CODE
Language code of text/sound track or separate title HINDI
100 ## - MAIN ENTRY--AUTHOR NAME
Personal name CHATURVEDI, PHANEEDRA NATH
245 ## - TITLE STATEMENT
Title BHARAT KE MAHAPURUSH
260 ## - PUBLICATION, DISTRIBUTION, ETC. (IMPRINT)
Place of publication UTTAR PRADESH
Name of publisher AKSHAR PLANT
Year of publication 2024
300 ## - PHYSICAL DESCRIPTION
Number of Pages 194;P
942 ## - ADDED ENTRY ELEMENTS (KOHA)
Koha item type Books
Holdings
Lost status Damaged status Home library Current library Shelving location Date acquired Source of acquisition Cost, normal purchase price Serial Enumeration / chronology Accession Number Koha item type
    JRU Library JRU Library KAUTILYA BOOK SANGRAH 29/09/2025 PURCHASE 600.00 INVOICE NO-05, DATE-26/08/2025 28895 Books